Study guide to accompany Lipsey/Purvis/Steiner Economics and microeconomics and macroeconomics. (Record no. 16591)

000 -LEADER
fixed length control field 00530pam a2200181 a 4500
020 ## - INTERNATIONAL STANDARD BOOK NUMBER
ISBN 0065000323
040 ## - CATALOGING SOURCE
Transcribing agency DLC
082 00 - DEWEY DECIMAL CLASSIFICATION NUMBER
Classification number 330 HIL 1991 A107 Or.
245 00 - TITLE STATEMENT
Title Study guide to accompany Lipsey/Purvis/Steiner Economics and microeconomics and macroeconomics.
250 ## - EDITION STATEMENT
Edition statement 7th Canadian ed. /
260 ## - PUBLICATION, DISTRIBUTION, ETC. (IMPRINT)
Place of publication New York, NY :
Name of publisher HarperCollins,
Year of publication c1991.
300 ## - PHYSICAL DESCRIPTION
Number of Pages vi, 502 p. :
Other physical details ill. ;
Dimensions 28 cm.
650 #0 - SUBJECT ADDED ENTRY--TOPICAL TERM
Topical Term Economics.
650 #0 - SUBJECT ADDED ENTRY--TOPICAL TERM
Topical Term Economics
700 1# - ADDED ENTRY--PERSONAL NAME
Personal name Grant, E. Kenneth.
700 1# - ADDED ENTRY--PERSONAL NAME
Personal name Lipsey, Richard G.,
942 ## - ADDED ENTRY ELEMENTS (KOHA)
Koha item type សៀវភៅភាសាអង់គ្លេស
952 ## - LOCATION AND ITEM INFORMATION (KOHA)
Withdrawn status [LOCAL, KOHA] 0
Holdings
Permanent Location Date acquired Koha item type Lost status Shelving location Barcode Current Location Full call number
Library Block A2018-03-12សៀវភៅភាសាអង់គ្លេស A108A14238Library Block A330 HIL 1991 A108 Or.
មជ្ឈមណ្ឌលឯការនៃសាកលវិទ្យាល័យភូមិន្ទកសិកម្មចំការដូង

Powered by Koha